[Event "Olomouc Chess Summer 2019 - Open Olomouc"]
[Site "Olomouc (CZE), Hotel Flora"]
[Date "2019.08.12"]
[Round "4"]
[Board "8"]
[White "CIBIKOVA, Sofia Anna"]
[Black "OCKAY, Tomas"]
[Result "0-1"]
[WhiteElo "1909"]
[BlackElo "2137"]
[PlyCount "58"]
[EventDate "2019.08.10"]
[EventRounds "9"]
[EventCountry "CZE"]

1. e4 c6 2. d4 d5 3. exd5 cxd5 4. Bd3 Nc6 5. c3 Nf6 6. Bf4 g6 7. Nf3 Bg7 8. h3
O-O 9. Nbd2 Re8 10. O-O Bf5 11. Bxf5 gxf5 12. Ne5 e6 13. Re1 Ne7 14. Re3 Ng6
15. Nxg6 hxg6 16. Bg5 Qd6 17. Bxf6 Bxf6 18. Nf3 b5 19. Ne5 a5 20. f4 b4 21. Rc1
Rec8 22. Rg3 Kg7 23. Nxg6 fxg6 24. Qh5 g5 25. Rxg5+ Bxg5 26. Qxg5+ Kf7 27. Qh5+
Ke7 28. Qh7+ Kd8 29. Qg8+ Kd7  0-1

[Event "Olomouc Chess Summer 2019 - Open Olomouc"]
[Site "Olomouc (CZE), Hotel Flora"]
[Date "2019.08.12"]
[Round "4"]
[Board "9"]
[White "BENES, Miroslav"]
[Black "SKLENAR, Tomas"]
[Result "1-0"]
[WhiteElo "2107"]
[BlackElo "1582"]
[PlyCount "81"]
[EventDate "2019.08.10"]
[EventRounds "9"]
[EventCountry "CZE"]

1. Nf3 Nf6 2. c4 g6 3. Nc3 Bg7 4. e4 d6 5. d4 O-O 6. Be2 e5 7. Be3 Nc6 8. d5
Ne7 9. Nd2 Nd7 10. b4 f5 11. f3 f4 12. Bf2 Rf7 13. c5 g5 14. Nc4 Nf6 15. cxd6
cxd6 16. Nb5 Ne8 17. Bxa7 Bd7 18. Bb6 Bxb5 19. Bxd8 Rxd8 20. a4 Bxc4 21. Bxc4
Nc7 22. Rf1 Ra8 23. Rf2 Nc8 24. a5 Na6 25. Bxa6 bxa6 26. Rc2 Na7 27. Rac1 Bf8
28. Rc7 Be7 29. Qc2 Kg7 30. Qf2 Nb5 31. Rc8 Ra7 32. Qb6 h6 33. Qb8 Bf8 34. Qb6
Be7 35. Rb8 Bf8 36. Rcc8 Kg8 37. Qc6 Kg7 38. Ra8 Nd4 39. Rxa7 Nxc6 40. Rxf7+
Kxf7 41. Rxc6  1-0

[Event "Olomouc Chess Summer 2019 - Open Olomouc"]
[Site "Olomouc (CZE), Hotel Flora"]
[Date "2019.08.12"]
[Round "4"]
[Board "10"]
[White "FISCHER, Erik"]
[Black "HEYNE, Lukas"]
[Result "1/2-1/2"]
[WhiteElo "1935"]
[BlackElo "2084"]
[PlyCount "28"]
[EventDate "2019.08.10"]
[EventRounds "9"]
[EventCountry "CZE"]

1. e4 d5 2. exd5 Qxd5 3. Nf3 Nf6 4. d4 c6 5. Be2 Bf5 6. O-O e6 7. c4 Qd8 8. Be3
Bd6 9. h3 Nbd7 10. Nh4 Bg6 11. Nxg6 hxg6 12. Nc3 Qe7 13. Bf3 Bc7 14. Re1 O-O-O
 1/2-1/2

[Event "Olomouc Chess Summer 2019 - Open Olomouc"]
[Site "Olomouc (CZE), Hotel Flora"]
[Date "2019.08.13"]
[Round "5"]
[Board "1"]
[White "HAUGLI, Petter"]
[Black "CHUDINOVSKIKH, Alexander M"]
[Result "1/2-1/2"]
[WhiteElo "2224"]
[BlackElo "2145"]
[PlyCount "53"]
[EventDate "2019.08.10"]
[EventRounds "9"]
[EventCountry "CZE"]

1. c4 e5 2. Nc3 Nc6 3. g3 g6 4. Bg2 Bg7 5. Nf3 d6 6. O-O f5 7. d3 Nf6 8. Rb1 a5
9. a3 O-O 10. b4 axb4 11. axb4 h6 12. b5 Ne7 13. Bb2 g5 14. Ra1 Rxa1 15. Qxa1
f4 16. c5 Nf5 17. b6 dxc5 18. Nxe5 fxg3 19. hxg3 cxb6 20. e3 Be6 21. Rd1 Ne7
22. Ne4 Nfd5 23. Nc4 Bxb2 24. Qxb2 Nc6 25. Ned6 Qe7 26. Ne4 Qd8 27. Ned6
 1/2-1/2

[Event "Olomouc Chess Summer 2019 - Open Olomouc"]
[Site "Olomouc (CZE), Hotel Flora"]
[Date "2019.08.13"]
[Round "5"]
[Board "2"]
[White "LYS, Josef"]
[Black "VOLODIN, Viktor"]
[Result "1-0"]
[WhiteElo "2115"]
[BlackElo "2168"]
[PlyCount "139"]
[EventDate "2019.08.10"]
[EventRounds "9"]
[EventCountry "CZE"]

1. d4 d5 2. c4 e6 3. Nf3 Nf6 4. e3 c6 5. Be2 Nbd7 6. O-O Bd6 7. b3 O-O 8. Nc3
Re8 9. Bb2 dxc4 10. bxc4 e5 11. Qc2 exd4 12. exd4 Nf8 13. h3 Ng6 14. Rfe1 Nf4
15. Bf1 Be6 16. Ng5 Qd7 17. Nxe6 Rxe6 18. Re3 Rae8 19. Rae1 Bb8 20. Ne4 Nxe4
21. Rxe4 Rxe4 22. Rxe4 Rxe4 23. Qxe4 Qe6 24. Qe3 h6 25. g3 Nh5 26. Qf3 Nf6 27.
Kg2 Qe4 28. Bd3 Qxf3+ 29. Kxf3 Bd6 30. c5 Bc7 31. Bf5 Nd5 32. Bc8 b5 33. Bd7
Ne7 34. d5 cxd5 35. Bxb5 f6 36. Bd7 Kf7 37. Ke3 Ng6 38. f4 h5 39. h4 Nf8 40.
Bc6 Ke6 41. Be8 g6 42. Bc3 Ke7 43. Bc6 Ne6 44. Bb4 g5 45. fxg5 fxg5 46. Bxd5
gxh4 47. c6+ Kf6 48. gxh4 Ke5 49. Bf3 Bd8 50. Be1 Kd6 51. Bg3+ Kc5 52. Bxh5
Kxc6 53. Ke4 Kd7 54. Bg4 Ke7 55. Kd5 Nf8 56. Bf2 a5 57. a4 Kf7 58. h5 Nh7 59.
Kc6 Ng5 60. Bf5 Kf6 61. Bd3 Nf3 62. Kb5 Ne5 63. Be2 Kg5 64. Be3+ Kf6 65. Bd2
Bc7 66. Bxa5 Bxa5 67. Kxa5 Nc6+ 68. Kb6 Nb4 69. a5 Kg5 70. Kc5  1-0

[Event "Olomouc Chess Summer 2019 - Open Olomouc"]
[Site "Olomouc (CZE), Hotel Flora"]
[Date "2019.08.13"]
[Round "5"]
[Board "3"]
[White "SVOBODOVA, Michaela"]
[Black "DAMBRAUSKAS, Virginijus"]
[Result "0-1"]
[WhiteElo "2055"]
[BlackElo "2253"]
[PlyCount "106"]
[EventDate "2019.08.10"]
[EventRounds "9"]
[EventCountry "CZE"]

1. e4 c5 2. Nf3 e6 3. c3 Nf6 4. e5 Nd5 5. d4 cxd4 6. cxd4 b6 7. Bc4 Bb7 8. O-O
Be7 9. Bxd5 Bxd5 10. Nc3 Bxf3 11. Qxf3 Nc6 12. Qg4 Kf8 13. Be3 h5 14. Qe4 f5
15. exf6 Bxf6 16. d5 exd5 17. Nxd5 Qe8 18. Nxf6 gxf6 19. Qf3 Qg6 20. Rad1 Rh7
21. Rd6 Rf7 22. Rfd1 Re8 23. Bf4 Qe4 24. Qxe4 Rxe4 25. g3 Re2 26. R1d2 Rxd2 27.
Rxd2 Kg7 28. Kg2 Nd8 29. Rd5 Kg6 30. Kf3 Ne6 31. Bb8 Ng5+ 32. Kg2 d6 33. Rxd6
Rb7 34. Rd8 Ne6 35. Rc8 Rd7 36. Rc6 Kf7 37. Rc2 a5 38. Rc6 Rb7 39. Bd6 b5 40.
Ra6 a4 41. a3 Nc7 42. Rc6 Nd5 43. h4 Ke6 44. Bf4+ Kf5 45. Bd2 Ke4 46. Rd6 Rc7
47. Bb4 Rc2 48. Re6+ Kf5 49. Re8 Nxb4 50. axb4 Rxb2 51. Rh8 Rxb4 52. Rxh5+ Kg6
53. Rc5 a3  0-1

[Event "Olomouc Chess Summer 2019 - Open Olomouc"]
[Site "Olomouc (CZE), Hotel Flora"]
[Date "2019.08.13"]
[Round "5"]
[Board "4"]
[White "GEWENIGER, Tim"]
[Black "HOERR, Matthias"]
[Result "1/2-1/2"]
[WhiteElo "1974"]
[BlackElo "2193"]
[PlyCount "32"]
[EventDate "2019.08.10"]
[EventRounds "9"]
[EventCountry "CZE"]

1. d4 Nf6 2. c4 e6 3. Nc3 Bb4 4. Qc2 O-O 5. a3 Bxc3+ 6. Qxc3 b6 7. Bg5 c5 8. e3
d6 9. Ne2 Nbd7 10. Qc2 h6 11. Bh4 Bb7 12. Rd1 Qe7 13. Nc3 cxd4 14. Rxd4 Rfd8
15. Qd1 Ne5 16. f3 Ng6  1/2-1/2

[Event "Olomouc Chess Summer 2019 - Open Olomouc"]
[Site "Olomouc (CZE), Hotel Flora"]
[Date "2019.08.13"]
[Round "5"]
[Board "5"]
[White "ZAEHRINGER, Daniel"]
[Black "BENES, Miroslav"]
[Result "1/2-1/2"]
[WhiteElo "2176"]
[BlackElo "2107"]
[PlyCount "65"]
[EventDate "2019.08.10"]
[EventRounds "9"]
[EventCountry "CZE"]

1. d4 d5 2. c4 e6 3. Nc3 Nf6 4. cxd5 exd5 5. Bg5 c6 6. e3 Bf5 7. Qf3 Bg6 8.
Bxf6 Qxf6 9. Qxf6 gxf6 10. Nf3 Nd7 11. Nh4 Be7 12. g3 f5 13. Ng2 Bd6 14. Bd3
Ke7 15. Kd2 Nf6 16. f3 a5 17. Nh4 Ke6 18. Rae1 Be7 19. Rhf1 Nh5 20. Ng2 Kd7 21.
Kc1 Rhe8 22. Ne2 Bb4 23. Rd1 a4 24. a3 Bf8 25. g4 Ng7 26. Kd2 Bd6 27. h4 h5 28.
g5 Ne6 29. f4 Bc7 30. Ng3 Ng7 31. Ne1 Ba5+ 32. Ke2 Bxe1 33. Rfxe1  1/2-1/2

[Event "Olomouc Chess Summer 2019 - Open Olomouc"]
[Site "Olomouc (CZE), Hotel Flora"]
[Date "2019.08.13"]
[Round "5"]
[Board "6"]
[White "OCKAY, Tomas"]
[Black "SRINIVASA RAO, M."]
[Result "1-0"]
[WhiteElo "2137"]
[BlackElo "2090"]
[PlyCount "167"]
[EventDate "2019.08.10"]
[EventRounds "9"]
[EventCountry "CZE"]

1. Nf3 Nf6 2. b3 g6 3. Bb2 Bg7 4. g3 c5 5. c4 O-O 6. Bg2 Nc6 7. O-O d6 8. d4
cxd4 9. Nxd4 Nxd4 10. Bxd4 a6 11. Nc3 Rb8 12. Nd5 Nxd5 13. Bxd5 Bd7 14. Bxg7
Kxg7 15. Qd4+ Kg8 16. Rfd1 Bc6 17. c5 Rc8 18. Rac1 Bxd5 19. Qxd5 Rc6 20. Qg5 e6
21. Qh6 Qe7 22. cxd6 Rxd6 23. Rxd6 Qxd6 24. Rc4 Qe5 25. Qd2 h5 26. f4 Qf6 27.
e4 e5 28. Qc3 Qb6+ 29. Kg2 exf4 30. gxf4 Qe6 31. h3 b5 32. Rd4 Qf6 33. Qd2 Rc8
34. Rd6 Qe7 35. Qd5 Kg7 36. Qd4+ Kg8 37. Qd5 Kg7 38. Qd4+ Kh7 39. Kg3 Rc3+ 40.
Qxc3 Qxd6 41. e5 Qd1 42. Qe3 Qd5 43. Qc3 Qe4 44. Qf3 Qd4 45. Qf2 Qc3+ 46. Kh4
Kg7 47. Qe2 b4 48. Qf2 Qd3 49. Qb6 Qf3 50. Qf6+ Kh7 51. Qxf7+ Kh6 52. Qf8+ Kh7
53. Qxb4 Kh6 54. Qf8+ Kh7 55. Qe7+ Kh6 56. Qg5+ Kh7 57. Qg3 Qe4 58. Qf2 Qd3 59.
Qe1 Qf3 60. Qd2 Kg7 61. b4 Kh7 62. a4 Qb3 63. Qd6 Qf3 64. e6 g5+ 65. Kxg5 Qg3+
66. Kf6 Qg7+ 67. Kf5 Qg6+ 68. Ke5 Qg7+ 69. Kd5 Qb7+ 70. Kc5 Qa7+ 71. Qb6 Qe7+
72. Kd5 Kg6 73. Qd6 Qb7+ 74. Ke5 Qf3 75. e7+ Kh7 76. Qd5 Qc3+ 77. Kf5 Qxh3+ 78.
Kf6 Qc3+ 79. Qe5 Qc6+ 80. Qe6 Qc3+ 81. Kf7 Qg7+ 82. Ke8 h4 83. Qe4+ Kh8 84. Kd8
 1-0

[Event "Olomouc Chess Summer 2019 - Open Olomouc"]
[Site "Olomouc (CZE), Hotel Flora"]
[Date "2019.08.13"]
[Round "5"]
[Board "7"]
[White "SPIREK, Adam"]
[Black "CAGASIK, Tomas"]
[Result "1-0"]
[WhiteElo "2024"]
[BlackElo "2118"]
[PlyCount "89"]
[EventDate "2019.08.10"]
[EventRounds "9"]
[EventCountry "CZE"]

1. e4 b6 2. d4 Bb7 3. Bd3 Nf6 4. Qe2 e6 5. Nf3 d5 6. e5 Nfd7 7. O-O c5 8. c3
Be7 9. a3 a5 10. b3 Ba6 11. Be3 Qc8 12. Nbd2 Bxd3 13. Qxd3 Qa6 14. Ne1 Qxd3 15.
Nxd3 Nc6 16. f4 g6 17. Nf3 O-O 18. g4 f5 19. exf6 Nxf6 20. Nfe5 Nxe5 21. Nxe5
Bd6 22. h3 Rfc8 23. f5 gxf5 24. gxf5 cxd4 25. Bxd4 Bxe5 26. Bxe5 Nd7 27. Bh2
exf5 28. Rxf5 Rxc3 29. Rxd5 Nf6 30. Rg5+ Kf7 31. Rf1 h6 32. Be5 Rc6 33. Rgf5
Rg8+ 34. Kh1 Rg6 35. h4 h5 36. Rxh5 Ke7 37. Bxf6+ Rgxf6 38. Rxf6 Rxf6 39. Rb5
Rf4 40. h5 a4 41. Kg2 axb3 42. Rxb3 Rf6 43. Re3+ Kd7 44. Kg3 b5 45. Kg4  1-0

[Event "Olomouc Chess Summer 2019 - Open Olomouc"]
[Site "Olomouc (CZE), Hotel Flora"]
[Date "2019.08.13"]
[Round "5"]
[Board "8"]
[White "BAUER, Jan"]
[Black "ZDRAZIL, Tomas"]
[Result "0-1"]
[WhiteElo "1960"]
[BlackElo "2142"]
[PlyCount "76"]
[EventDate "2019.08.10"]
[EventRounds "9"]
[EventCountry "CZE"]

1. e4 c5 2. Nc3 e6 3. f4 a6 4. a4 Nc6 5. Bc4 Nge7 6. Nf3 d5 7. Ba2 dxe4 8. Nxe4
Nf5 9. O-O Be7 10. d3 O-O 11. Qe1 b5 12. Be3 Nxe3 13. Qxe3 Nb4 14. Qe2 Bb7 15.
axb5 axb5 16. Bb3 Nd5 17. Ne5 Rxa1 18. Rxa1 Nxf4 19. Qf2 Bxe4 20. dxe4 Qd4 21.
Qxd4 Ne2+ 22. Kf2 Nxd4 23. Nf3 Nxf3 24. gxf3 c4 25. Ba2 Ra8 26. Ke2 g5 27. e5
Bc5 28. c3 Kf8 29. Kd2 Ke7 30. Kc2 b4 31. b3 bxc3 32. bxc4 Bd4 33. Kb3 Rb8+ 34.
Kc2 Rb2+ 35. Kd3 Bxe5 36. Bb1 Rd2+ 37. Ke3 Bf4+ 38. Ke4 f5#  0-1

[Event "Olomouc Chess Summer 2019 - Open Olomouc"]
[Site "Olomouc (CZE), Hotel Flora"]
[Date "2019.08.13"]
[Round "5"]
[Board "9"]
[White "ZDRAZIL, Jan"]
[Black "BABULA, Milan"]
[Result "0-1"]
[WhiteElo "1967"]
[BlackElo "2226"]
[PlyCount "84"]
[EventDate "2019.08.10"]
[EventRounds "9"]
[EventCountry "CZE"]

1. e4 e6 2. d4 d5 3. Nc3 Be7 4. Bd3 Nc6 5. Nf3 Nf6 6. e5 Nd7 7. Be3 Nb4 8. Be2
c5 9. O-O a6 10. dxc5 Nxc5 11. Nd4 Nc6 12. f4 g6 13. a3 Qc7 14. b4 Nd7 15. Qd2
Nb6 16. Nxc6 bxc6 17. Qd4 Nd7 18. Na4 a5 19. c4 axb4 20. axb4 dxc4 21. Bxc4 O-O
22. Bb3 Ba6 23. Bc4 Bxc4 24. Qxc4 Qb7 25. Bc5 Nxc5 26. Nxc5 Bxc5+ 27. Qxc5 Rxa1
28. Rxa1 Rb8 29. Rd1 Qxb4 30. Qxc6 Qxf4 31. Qd6 Rc8 32. Rf1 Qe3+ 33. Kh1 Qc5
34. Qd7 Rf8 35. Re1 Qf2 36. Qd1 Kg7 37. h3 Rd8 38. Qa1 Rd2 39. Rg1 Re2 40. Qa6
Re1 41. Rxe1 Qxe1+ 42. Kh2 Qxe5+  0-1

[Event "Olomouc Chess Summer 2019 - Open Olomouc"]
[Site "Olomouc (CZE), Hotel Flora"]
[Date "2019.08.13"]
[Round "5"]
[Board "10"]
[White "HEYNE, Jan-Hendrik"]
[Black "PTACNIKOVA, Lenka"]
[Result "0-1"]
[WhiteElo "1860"]
[BlackElo "2089"]
[PlyCount "122"]
[EventDate "2019.08.10"]
[EventRounds "9"]
[EventCountry "CZE"]

1. Nf3 c5 2. g3 g6 3. Bg2 Bg7 4. c4 Nc6 5. O-O h5 6. Nc3 Nh6 7. d3 Nf5 8. e4
Nfd4 9. Nxd4 Nxd4 10. h4 d6 11. Nd5 Bg4 12. f3 Bd7 13. Bg5 Nc6 14. Qd2 Be5 15.
Bf4 e6 16. Nc3 O-O 17. Ne2 Nd4 18. Nxd4 Bxd4+ 19. Kh2 Bc6 20. Rab1 a5 21. Bh3
b5 22. Bg5 Qc7 23. Bh6 Rfe8 24. cxb5 Bxb5 25. f4 f5 26. Rfe1 Bc6 27. Bg2 Qb7
28. b3 Qb4 29. Qxb4 axb4 30. Re2 Ra6 31. exf5 Bxg2 32. Kxg2 gxf5 33. Rc1 Kf7
34. Bg5 Bc3 35. Rcc2 Rg8 36. Kf3 Rg6 37. Rc1 Ke8 38. Rcc2 Kd7 39. Kf2 Kc6 40.
Kf3 Kd5 41. Ke3 Ra8 42. Rg2 Rgg8 43. Rge2 Ra7 44. Kf3 Re8 45. Ke3 Raa8 46. Bh6
Rg8 47. Bg5 Bd4+ 48. Kf3 Rae8 49. Rc1 Rgf8 50. Rce1 Rf7 51. Rc2 e5 52. Rce2 Bc3
53. Rd1 Ra7 54. fxe5 dxe5 55. Bf6 Rf8 56. Bg5 Rfa8 57. Rf1 Rxa2 58. Rb1 Ra1 59.
Rc1 Rxc1 60. Bxc1 Ra1 61. Rc2 Rb1  0-1

[Event "Olomouc Chess Summer 2019 - Open Olomouc"]
[Site "Olomouc (CZE), Hotel Flora"]
[Date "2019.08.14"]
[Round "6"]
[Board "1"]
[White "LYS, Josef"]
[Black "HAUGLI, Petter"]
[Result "1/2-1/2"]
[WhiteElo "2115"]
[BlackElo "2224"]
[PlyCount "38"]
[EventDate "2019.08.10"]
[EventRounds "9"]
[EventCountry "CZE"]

1. d4 Nf6 2. Nf3 g6 3. g3 Bg7 4. Bg2 O-O 5. O-O d6 6. c3 Nbd7 7. Qc2 c5 8. Na3
Rb8 9. Nb5 Qb6 10. a4 a6 11. Na3 Qc7 12. Qd3 e5 13. dxe5 Nxe5 14. Nxe5 dxe5 15.
e4 Rd8 16. Qe2 Bd7 17. Bg5 h6 18. Bxf6 Bxf6 19. Nc4 Be6  1/2-1/2

[Event "Olomouc Chess Summer 2019 - Open Olomouc"]
[Site "Olomouc (CZE), Hotel Flora"]
[Date "2019.08.14"]
[Round "6"]
[Board "2"]
[White "DAMBRAUSKAS, Virginijus"]
[Black "OCKAY, Tomas"]
[Result "1/2-1/2"]
[WhiteElo "2253"]
[BlackElo "2137"]
[PlyCount "64"]
[EventDate "2019.08.10"]
[EventRounds "9"]
[EventCountry "CZE"]

1. d4 Nf6 2. c4 e6 3. Nf3 b6 4. g3 Bb7 5. Bg2 Be7 6. Nc3 Ne4 7. Bd2 O-O 8. O-O
Nxc3 9. Bxc3 Be4 10. b4 d6 11. Qb3 Nd7 12. Rfd1 Qc8 13. d5 e5 14. Nxe5 Bxg2 15.
Nxd7 Qxd7 16. Kxg2 Qf5 17. Qb1 Qh5 18. Qd3 f5 19. Qf3 Qg6 20. e3 Rae8 21. a4
Bf6 22. Bxf6 Rxf6 23. a5 Re4 24. Rdc1 f4 25. exf4 Rexf4 26. Qe2 Rxf2+ 27. Qxf2
Qe4+ 28. Kg1 Rxf2 29. Kxf2 Qd4+ 30. Kf3 Qd3+ 31. Kf2 Qd2+ 32. Kg1 Qe3+  1/2-1/2

[Event "Olomouc Chess Summer 2019 - Open Olomouc"]
[Site "Olomouc (CZE), Hotel Flora"]
[Date "2019.08.14"]
[Round "6"]
[Board "3"]
[White "CHUDINOVSKIKH, Alexander M"]
[Black "SPIREK, Adam"]
[Result "1-0"]
[WhiteElo "2145"]
[BlackElo "2024"]
[PlyCount "91"]
[EventDate "2019.08.10"]
[EventRounds "9"]
[EventCountry "CZE"]

1. e4 d5 2. exd5 Nf6 3. d4 Bg4 4. Nf3 Qxd5 5. Nc3 Qh5 6. Bf4 Nc6 7. Bxc7 e6 8.
Be2 Bb4 9. Bf4 O-O 10. O-O Rfd8 11. h3 Bxf3 12. Bxf3 Qf5 13. Bxc6 bxc6 14. Ne2
c5 15. c3 cxd4 16. cxb4 d3 17. Be3 dxe2 18. Qxe2 Nd5 19. b5 Nxe3 20. fxe3 Qd3
21. Rfe1 Rab8 22. Rad1 Qxe2 23. Rxd8+ Rxd8 24. Rxe2 Kf8 25. Rc2 Rd7 26. Kf2 f5
27. Ke2 Ke7 28. Rc6 Kf6 29. a4 Ke5 30. b6 axb6 31. Rxb6 Ra7 32. b3 Kd5 33. Rb5+
Kd6 34. a5 e5 35. b4 g6 36. Kd3 e4+ 37. Kd4 Kc6 38. Rb6+ Kc7 39. Rf6 Ra8 40.
Rf7+ Kd6 41. Rf6+ Kc7 42. a6 Rd8+ 43. Kc5 Kb8 44. Kb6 f4 45. Rxf4 Rd6+ 46. Ka5
 1-0

[Event "Olomouc Chess Summer 2019 - Open Olomouc"]
[Site "Olomouc (CZE), Hotel Flora"]
[Date "2019.08.14"]
[Round "6"]
[Board "4"]
[White "BABULA, Milan"]
[Black "PTACNIKOVA, Lenka"]
[Result "1-0"]
[WhiteElo "2226"]
[BlackElo "2089"]
[PlyCount "51"]
[EventDate "2019.08.10"]
[EventRounds "9"]
[EventCountry "CZE"]

1. e4 c5 2. Nf3 e6 3. d4 cxd4 4. Nxd4 a6 5. Bd3 Nf6 6. O-O Qc7 7. Nc3 Nc6 8.
Nxc6 dxc6 9. f4 e5 10. f5 Bc5+ 11. Kh1 b5 12. Bg5 Bb7 13. a4 O-O 14. Bxf6 gxf6
15. Qh5 Kh8 16. Qh6 Be7 17. Rf3 Rg8 18. Rh3 Rg7 19. Ne2 Rag8 20. Ng3 c5 21.
axb5 c4 22. Be2 axb5 23. Bf3 Bf8 24. Nh5 Rg6 25. Qxh7+ Kxh7 26. Nxf6+  1-0

[Event "Olomouc Chess Summer 2019 - Open Olomouc"]
[Site "Olomouc (CZE), Hotel Flora"]
[Date "2019.08.14"]
[Round "6"]
[Board "5"]
[White "HOERR, Matthias"]
[Black "NAVRATIL, Jiri jun."]
[Result "1-0"]
[WhiteElo "2193"]
[BlackElo "2080"]
[PlyCount "81"]
[EventDate "2019.08.10"]
[EventRounds "9"]
[EventCountry "CZE"]

1. c4 e5 2. g3 f5 3. Bg2 Nf6 4. Nc3 d6 5. b4 g6 6. e3 e4 7. d4 exd3 8. Bb2 Nc6
9. Nd5 Ne5 10. Nf3 d2+ 11. Qxd2 Nxf3+ 12. Bxf3 Bg7 13. O-O O-O 14. Nxf6+ Bxf6
15. Rfd1 Bxb2 16. Qxb2 Qe7 17. Bd5+ Be6 18. Bxb7 Rab8 19. Bd5 Bxd5 20. cxd5 Qe4
21. Rd4 Qe5 22. Rc1 Rb7 23. a4 Rfb8 24. Rcc4 f4 25. gxf4 Qh5 26. f5 gxf5 27.
Rf4 c6 28. Qc2 Rg7+ 29. Kf1 Qh3+ 30. Ke2 Rg1 31. Kd2 Qf1 32. dxc6 Qe1+ 33. Kd3
Qf1+ 34. Kd2 Qe1+ 35. Kd3 Qf1+ 36. Kd4 Qa1+ 37. Rc3 Rxb4+ 38. Kd5 Rxf4 39. exf4
Rd1+ 40. Ke6 Re1+ 41. Kd7  1-0

[Event "Olomouc Chess Summer 2019 - Open Olomouc"]
[Site "Olomouc (CZE), Hotel Flora"]
[Date "2019.08.14"]
[Round "6"]
[Board "6"]
[White "CHANDREYEE, Hajra"]
[Black "ZAEHRINGER, Daniel"]
[Result "1/2-1/2"]
[WhiteElo "1950"]
[BlackElo "2176"]
[PlyCount "82"]
[EventDate "2019.08.10"]
[EventRounds "9"]
[EventCountry "CZE"]

1. e4 e5 2. Bc4 Nf6 3. d4 exd4 4. Nf3 Nc6 5. O-O Nxe4 6. Re1 d5 7. Bxd5 Qxd5 8.
Nc3 Qa5 9. Nxe4 Be6 10. Neg5 O-O-O 11. Nxe6 fxe6 12. Ng5 Qf5 13. Nxe6 Rd7 14.
a3 Bd6 15. Qd3 Qf7 16. Bd2 h6 17. Re4 Re8 18. Qh3 Kb8 19. Rae1 Rde7 20. f3 Qf6
21. b4 a6 22. Bc1 b6 23. Bb2 Be5 24. f4 Rxe6 25. fxe5 Rxe5 26. Rxe5 Rxe5 27.
Rf1 Qe7 28. Qf3 Re4 29. c3 dxc3 30. Bxc3 Nd4 31. Bxd4 Rxd4 32. Qc3 Re4 33. Qd3
Re1 34. h3 Rxf1+ 35. Kxf1 Qe5 36. Qxa6 b5 37. Qc6 Qa1+ 38. Kf2 Qd4+ 39. Kf1 Qe5
40. Kf2 Qb2+ 41. Ke1 Qe5+  1/2-1/2

[Event "Olomouc Chess Summer 2019 - Open Olomouc"]
[Site "Olomouc (CZE), Hotel Flora"]
[Date "2019.08.14"]
[Round "6"]
[Board "7"]
[White "ZDRAZIL, Tomas"]
[Black "LEE, Zhia Chen Zachary"]
[Result "0-1"]
[WhiteElo "2142"]
[BlackElo "1747"]
[PlyCount "76"]
[EventDate "2019.08.10"]
[EventRounds "9"]
[EventCountry "CZE"]

1. e4 c6 2. d4 d5 3. e5 c5 4. dxc5 e6 5. a3 Nc6 6. Nf3 Qc7 7. Bb5 Bxc5 8. b4
Bb6 9. O-O Nge7 10. Bb2 a5 11. Nbd2 Bd7 12. c4 axb4 13. axb4 Rxa1 14. Qxa1 Nxb4
15. Qa8+ Qc8 16. Qa4 Nd3 17. Ba3 Bxb5 18. Qxb5+ Qc6 19. Qxc6+ Nxc6 20. Rb1
Bxf2+ 21. Kf1 Bc5 22. Bxc5 Nxc5 23. Rb5 Ne4 24. Rxb7 Nxd2+ 25. Nxd2 O-O 26.
cxd5 Nxe5 27. dxe6 fxe6+ 28. Ke2 Ng6 29. g3 Rf7 30. Rb8+ Rf8 31. Rb7 Re8 32.
Ne4 h6 33. Nd6 Re7 34. Rb8+ Kh7 35. Ke3 Ne5 36. h3 Rd7 37. Nb5 Kg6 38. Nd4 Rxd4
 0-1

[Event "Olomouc Chess Summer 2019 - Open Olomouc"]
[Site "Olomouc (CZE), Hotel Flora"]
[Date "2019.08.14"]
[Round "6"]
[Board "8"]
[White "BENES, Miroslav"]
[Black "GEWENIGER, Tim"]
[Result "0-1"]
[WhiteElo "2107"]
[BlackElo "1974"]
[PlyCount "72"]
[EventDate "2019.08.10"]
[EventRounds "9"]
[EventCountry "CZE"]

1. d4 e6 2. c4 Nf6 3. Nc3 Bb4 4. f3 c5 5. d5 b5 6. e4 O-O 7. a3 Bxc3+ 8. bxc3
bxc4 9. Bxc4 Bb7 10. Ne2 exd5 11. exd5 d6 12. O-O Nbd7 13. Bb3 c4 14. Bxc4 Nb6
15. Bd3 Nbxd5 16. Rb1 Qc7 17. c4 Nb6 18. Nd4 d5 19. cxd5 Nfxd5 20. Bb2 Ne3 21.
Bxh7+ Kh8 22. Qe1 Nxf1 23. Qh4 Qxh2+ 24. Qxh2 Nxh2 25. Bc2 Nc4 26. Bc3 Bd5 27.
Nf5 f6 28. Ne7 Bf7 29. Kxh2 Rfe8 30. Bb4 Ne5 31. Kg3 g6 32. f4 Nc4 33. Bc3 Kg7
34. Rb7 Nd6 35. Rd7 Rad8 36. Rxa7 Nb5  0-1

[Event "Olomouc Chess Summer 2019 - Open Olomouc"]
[Site "Olomouc (CZE), Hotel Flora"]
[Date "2019.08.14"]
[Round "6"]
[Board "9"]
[White "FISCHER, Erik"]
[Black "SRINIVASA RAO, M."]
[Result "0-1"]
[WhiteElo "1935"]
[BlackElo "2090"]
[PlyCount "90"]
[EventDate "2019.08.10"]
[EventRounds "9"]
[EventCountry "CZE"]

1. e4 c5 2. Nf3 a6 3. c3 e6 4. d4 d5 5. exd5 exd5 6. Bd3 cxd4 7. cxd4 Bb4+ 8.
Bd2 Qe7+ 9. Qe2 Qxe2+ 10. Kxe2 Nc6 11. h3 Nge7 12. Re1 O-O 13. Nc3 Bf5 14. Bxf5
Nxf5 15. Kd3 Rfd8 16. Rac1 Ba5 17. a3 Bxc3 18. Bxc3 f6 19. Re2 Re8 20. Rxe8+
Rxe8 21. Rd1 Kf7 22. Rb1 Nd6 23. b3 h5 24. Nd2 Ne4 25. Nxe4 dxe4+ 26. Ke2 Ne7
27. Bb4 Rc8 28. Bxe7 Kxe7 29. Kd2 Kd6 30. f3 Kd5 31. Re1 f5 32. fxe4+ fxe4 33.
Rf1 e3+ 34. Kd3 Re8 35. Rf5+ Kd6 36. Ke2 g6 37. Rf3 Re4 38. Rxe3 Rxd4 39. Rg3
Re4+ 40. Kd3 Re6 41. Rg5 Ke7 42. Kd4 Kf6 43. h4 Re2 44. g4 Rh2 45. Rd5 Rd2+  0-1

[Event "Olomouc Chess Summer 2019 - Open Olomouc"]
[Site "Olomouc (CZE), Hotel Flora"]
[Date "2019.08.14"]
[Round "6"]
[Board "10"]
[White "VOLODIN, Viktor"]
[Black "SACHAREWICZ, Krzysztof"]
[Result "1-0"]
[WhiteElo "2168"]
[BlackElo "1797"]
[PlyCount "95"]
[EventDate "2019.08.10"]
[EventRounds "9"]
[EventCountry "CZE"]

1. Nf3 Nf6 2. c4 e6 3. g3 d5 4. d4 Bb4+ 5. Bd2 Qe7 6. Bg2 Ne4 7. O-O O-O 8. Bf4
dxc4 9. Qc2 Nd6 10. Nbd2 Nc6 11. Ng5 g6 12. Bxc6 bxc6 13. Nxc4 Nxc4 14. Qxc4
Bd6 15. Ne4 Bxf4 16. gxf4 Rb8 17. Qc3 Qh4 18. Qd2 Rd8 19. f3 Rb5 20. e3 Rh5 21.
Qf2 Qe7 22. Rfc1 Bb7 23. Nc5 Rb8 24. Kh1 Bc8 25. Rc2 f6 26. Nd3 Ba6 27. Nc5 Bc8
28. Ne4 Rhb5 29. b3 Bd7 30. Qh4 Kg7 31. Rg1 Be8 32. Nc5 Rd8 33. Qg3 Kh8 34. Qg4
e5 35. fxe5 fxe5 36. Qe4 Rd5 37. Nd3 a5 38. Nxe5 Rxe5 39. dxe5 Rxe5 40. Qd4 c5
41. Qc3 Bc6 42. e4 h5 43. h3 Kh7 44. Rd2 Bb7 45. Rd7 Qxd7 46. Qxe5 h4 47. Rg4
Qd1+ 48. Kh2  1-0

[Event "Olomouc Chess Summer 2019 - Open Olomouc"]
[Site "Olomouc (CZE), Hotel Flora"]
[Date "2019.08.15"]
[Round "7"]
[Board "1"]
[White "CHUDINOVSKIKH, Alexander M"]
[Black "LYS, Josef"]
[Result "0-1"]
[WhiteElo "2145"]
[BlackElo "2115"]
[PlyCount "112"]
[EventDate "2019.08.10"]
[EventRounds "9"]
[EventCountry "CZE"]

1. e4 c5 2. Nf3 Nc6 3. Bb5 g6 4. O-O Bg7 5. c3 Nf6 6. d4 cxd4 7. cxd4 Nxe4 8.
d5 Nd6 9. Ba4 Ne5 10. Nxe5 Bxe5 11. Re1 Bf6 12. Nc3 O-O 13. Bf4 a6 14. Qf3 b5
15. Bb3 Bb7 16. a3 Rc8 17. Rac1 Bg7 18. Bg5 f6 19. Bf4 Nc4 20. Qe2 Re8 21. a4
Na5 22. Ba2 b4 23. d6+ e6 24. Ne4 b3 25. Bb1 e5 26. Bd2 Qb6 27. Bd3 Nc6 28. a5
Qa7 29. Qf3 Rf8 30. Qh3 f5 31. Ng5 h5 32. Bc4+ Kh8 33. Nf7+ Kh7 34. Ng5+ Kh8
35. Bf7 Qd4 36. Bxg6 Qg4 37. Qxh5+ Qxh5 38. Bxh5 e4 39. Rb1 Ne5 40. Re3 Nd3 41.
Bf7 Bd4 42. Rh3+ Kg7 43. Rh7+ Kf6 44. Rh6+ Ke5 45. Be3 f4 46. Bxd4+ Kxd4 47.
Bxb3 e3 48. fxe3+ fxe3 49. Rh4+ Ke5 50. Rh3 Kf4 51. Rg3 Nc1 52. Kf1 Nxb3 53.
Ke2 Nd4+ 54. Kd3 Nf5 55. Rf1+ Ke5 56. Rh3 Bxg2  0-1